000 00280 a2200121 4500
001 63567
082 _a358.4 MAS
090 _c37561
_d37561
100 _aMason, RA
245 _aAir Power in the next Generation
_hEnglish
260 _aPakistan
_bPAF Book Club
300 _a151p
942 _aCAE NUST
_k358.4 MAS
999 _c298640
_d298640